Electrical machines: (Record no. 8286)

MARC details
000 -LEADER
fixed length control field 00562 a2200181 4500
010 ## - LCCN (DPL NO)
LC control number ENG-88380
020 ## - INTERNATIONAL STANDARD BOOK NUMBER
International Standard Book Number 9788120329973
Terms of availability 350.00
035 ## - SYSTEM CONTROL NUMBER
System control number EN-71913
037 ## - SOURCE OF ACQUISITION
Source of stock number/acquisition DBAD / PUB
082 14 - DEWEY DECIMAL CLASSIFICATION NUMBER
Classification number 621.313
100 1# - MAIN ENTRY--PERSONAL NAME
Personal name Bandyopadhyay, M.N.
245 1# - TITLE STATEMENT
Title Electrical machines:
Statement of responsibility, etc by M.N. Bandyopadhyay
Remainder of title theory and practice/
260 ## - PUBLICATION, DISTRIBUTION, ETC. (IMPRINT)
Place of publication, distribution, etc New Delhi
Name of publisher, distributor, etc Prentice-Hall of India
Date of publication, distribution, etc 2007
270 ## - ADDRESS
Address M-97, Connaught Circus,
City New Delhi
Postal code 110 001
300 ## - PHYSICAL DESCRIPTION
Extent xvi, 496p.
Dimensions 24cm (pbk)
500 ## - GENERAL NOTE
General note Includes index
942 ## - ADDED ENTRY ELEMENTS (KOHA)
Institution code [OBSOLETE] dpl
Item type English Books
Source of classification or shelving scheme Dewey Decimal Classification
Classification part 621.313
Call number suffix BAN
Holdings
Withdrawn status Lost status Not for loan Collection code Home library Current library Source of acquisition Cost, normal purchase price Full call number Barcode Copy number Cost, replacement price Koha item type
    Not For Loan Non-fiction D.B.Act.Division D.B.Act.Division DBAD/PUB 350.00 621.313 BAN EN-71913 1 350.00 English Books

© Delhi Public Library
Hit Counter
free hit counter